000 00806nam a22001817a 4500
999 _c59199
_d59199
003 Ge_BSU
005 20221213133000.0
008 221213s1971ge xxu||||| |||| 00| 0 geo d
041 _ageo
080 _a811.353.1'282'373 ნ-69
100 _aნიჟარაძე, შ.
_99520
245 _aქართული ენის აჭარული დიალექტი :
_b ლექსიკა /
_c შ. ნიჟარაძე, რედ. ს. ჯიქია
264 _aბათუმი :
_bსაბჭ. აჭარა,
_c1971.
300 _a469 გვ.
_b22 სმ.
653 _aქართული ენის დიალექტები; აჭარული დიალექტი
700 _aჯიქია, ს
_eრედაქტორი
_91028
942 _2udc
_cBK